LIBRARY & INFORMATION CENTRE, KCAET, TAVANUR

ONLINE PUBLIC ACCESS CATALOGUE (OPAC)

Sampathika vriddiyudeyum vikasathinteyum siddantham / (Record no. 6007)

MARC details
000 -LEADER
fixed length control field 00514cam a2200193ua 4500
041 ## - LANGUAGE CODE
Language code of text/sound track or separate title mal
082 ## - DEWEY DECIMAL CLASSIFICATION NUMBER
Classification number 330.1
Item number SAR/SA
100 ## - MAIN ENTRY--AUTHOR NAME
Personal name Sarnghadharan, M .
245 ## - TITLE STATEMENT
Title Sampathika vriddiyudeyum vikasathinteyum siddantham /
250 ## - EDITION STATEMENT
Edition statement 1 /
260 ## - PUBLICATION, DISTRIBUTION, ETC. (IMPRINT)
Place of publication Thiruvananthapuram :
Name of publisher State Instititute of Languages ,
Year of publication 1973.
300 ## - PHYSICAL DESCRIPTION
Number of Pages 221 ; .
942 ## - ADDED ENTRY ELEMENTS (KOHA)
Koha item type Books
Holdings
Withdrawn status Lost status Damaged status Home library Current library Date acquired Full call number Accession Number Koha item type
Withdrawn     KAUAET Sanskrit University 07/04/2012 330.1 13618 Books
Withdrawn     KAUAET Sanskrit University 07/04/2012 330.1 14389 Books
free website counter